000 00981cam a2200289 a 4500
999 _c233219
_d233219
001 12450243
003 Nust
005 20170305115219.0
008 001102s2001 enk 000 1 eng
010 _a 2001409384
020 _a9780571210855
035 _a(UkLWHE)b000085148
040 _aDLC
_cDLC
_dDLC
050 0 0 _aPR6061.U68
_bG33 2001b
082 0 0 _a823.914
_bKUR
100 1 _aKureishi, Hanif.
245 1 0 _aGabriel's gift /
_cHanif Kureishi.
260 _aLondon :
_bFaber and Faber,
_c2001.
300 _a178 p. ;
_c22 cm.
650 0 _aBoys
_vFiction.
650 0 _aParent and child
_vFiction.
655 7 _aDomestic fiction.
_2lcsh
655 7 _aBildungsromans.
_2gsafd
906 _a7
_bcbc
_corigres
_d3
_encip
_f20
_gy-gencatlg
942 _2ddc
_cBK